000 00432nam a22001337a 4500
999 _c121686
_d121686
005 20210317100331.0
008 210317b ||||| |||| 00| 0 eng d
040 _cPK-LaUMT
082 _aRHC 320.54095694
_bWAS-
245 _aWasaiq yahodiyyat = وثائق یہودیت /
_ctranslated by Abdul Rasheed Arshad = مترجم عبدالرشید ارشد
260 _aAl-Riaz :
_bThinkers Foram,
_cNA
300 _a144 p.
942 _cBK